| 000 | 00757nam a22001937a 4500 | ||
|---|---|---|---|
| 003 | OSt | ||
| 005 | 20240906143910.0 | ||
| 008 | 240906b ||||| |||| 00| 0 eng d | ||
| 040 | _cAIMIT LIBRARY | ||
| 100 |
_aH G Samoditha. _e2216171 _9178904 |
||
| 245 |
_aRisk and return analysis of equity mid cap mutual funds with special reference to econo broking pvt ltd / _cBy Samoditha H G ; Guided by Justine James. |
||
| 260 |
_aMangalore ; _c2024. |
||
| 650 |
_aIndustry profile company profile and introduction of the study _9178905 |
||
| 650 |
_aResearch methodology _9178906 |
||
| 650 |
_aData analysis and interpretation _9178907 |
||
| 700 |
_aJames, Justine. _eGuide _9178908 |
||
| 856 |
_3Econo Broking Pvt ltd. _uwww.econobroking.com |
||
| 942 |
_2ddc _cPRO |
||
| 999 |
_c231775 _d231775 |
||